[Event "VIII Primavera de Gros"]
[Site "Donostia-San Sebastian"]
[Date "2012.05.05"]
[Round "3"]
[White "Ros Eskisabel, Jose Ramon"]
[Black "Tholey, Jean-Paul"]
[Result "1/2-1/2"]
[WhiteElo "2100"]
[BlackElo "1978"]

1.e4 e6 2.d4 d5 3.e5 c5 4.c3 Qb6 5.Nf3 Bd7 6.a3 cxd4 7.cxd4 Bb5 8.Bxb5+ 
Qxb5 9.Nc3 Qd7 10.O-O Ne7 11.b4 Nbc6 12.Na4 b6 13.Bb2 Nf5 14.Rc1 Be7 15.
Qb3 O-O 16.Bc3 Rfc8 17.Rc2 Rc7 18.Rfc1 Rac8 19.g3 Nd8 20.Nb2 h6 21.Kg2 g6 
22.a4 Nb7 23.Bd2 Bf8 24.g4 Ne7 25.Nd3 Rxc2 26.Rxc2 Rxc2 27.Qxc2 Qc6 28.
Qxc6 Nxc6 29.Kf1 Kg7 30.Ke2 Be7 31.Bc3 h5 32.h3 hxg4 33.hxg4 Bd8 34.Nd2 
Kf8 35.Nb3 Be7 36.Ke3 f5 37.exf6 Bxf6 38.b5 Ncd8 39.a5 Kf7 40.axb6 axb6 
41.Bb4 Ke8 42.Nd2 Nf7 43.Nf3 Nbd6 44.Bxd6 Nxd6 45.Nde5 g5 46.Nc6 Nxb5 47.
Nfe5 Nd6 48.f4 b5 49.fxg5 Bxg5+ 50.Kd3 Bf6 51.Nf3 Kd7 52.Nce5+ Bxe5 53.
dxe5 Ne4 54.g5 Ke7 55.g6 b4 56.Nd4 Nc5+ 57.Kc2 Kf8 58.Nc6 b3+ 59.Kc3 Kg7 
60.Ne7 b2 61.Kxb2 Nd3+ 62.Kc3 Nxe5 63.Nxd5 Nxg6 64.Nc7 e5 65.Kd3 Kf6 66.
Nd5+ Kf5 67.Ne3+ Kf4 68.Ng2+ Kf3 69.Ne1+ Kf2 70.Nc2 1/2-1/2

[Event "VIII Primavera de Gros"]
[Site "Donostia-San Sebastian"]
[Date "2012.05.05"]
[Round "3"]
[White "Arana Garate, Jon"]
[Black "Pinilla Santibanez, Roberto"]
[Result "0-1"]
[WhiteElo "1925"]
[BlackElo "2077"]

1.d4 d5 2.Nf3 Nf6 3.Bf4 e6 4.e3 Nbd7 5.Bd3 c5 6.c3 Be7 7.Nbd2 O-O 8.Ne5 
Nxe5 9.dxe5 Nd7 10.Qh5 f5 11.g4 g6 12.Qh3 Kh8 13.O-O-O Qe8 14.Nf3 a6 15.
Qg3 Rg8 16.h4 b5 17.Ng5 Bxg5 18.Bxg5 Qf7 19.h5 Bb7 20.Rh4 d4 21.exd4 cxd4 
22.cxd4 Rac8+ 23.Kb1 Be4 24.hxg6 Rxg6 25.f4 Kg7 26.Qh3 Kg8 27.Bxe4 fxe4 
28.Rh1 Nf8 29.Qe3 Qb7 30.f5 Rg7 31.Bh6 Rgc7 32.R4h2 Qc6 33.Bxf8 Rxf8 34.
fxe6 Rg7 35.Rf2 Rxf2 36.Qxf2 e3 37.Qe1 Qe4+ 38.Ka1 Qxd4 39.Qd1 Qxd1+ 40.
Rxd1 Rxg4 41.Re1 Re4 42.Kb1 Rxe5 43.Kc2 Rxe6 44.Re2 Kf7 45.a4 Kg6 46.axb5 
axb5 47.Kd1 h5 48.Rg2+ Kf5 49.Ke2 Kf4 50.Rg8 h4 51.Rf8+ Kg3 52.Rg8+ Kf4 
53.Rh8 Kg5 54.Rg8+ Rg6 55.Rh8 Kg4 56.Kxe3 Kg3 57.Rh5 b4 58.Rc5 h3 59.Rf5 
h2 60.Rf1 Re6+ 61.Kd4 Kg2 0-1

[Event "VIII Primavera de Gros"]
[Site "Donostia-San Sebastian"]
[Date "2012.05.05"]
[Round "3"]
[White "Gonzalez Blanco, Aitor"]
[Black "Tung, Siu Hung"]
[Result "1-0"]
[WhiteElo "2012"]
[BlackElo "1908"]

1.e4 d6 2.Nc3 Nf6 3.Bc4 e5 4.d3 c6 5.f4 a5 6.a3 Be7 7.Nf3 Nbd7 8.O-O O-O 
9.fxe5 dxe5 10.Qe2 b5 11.Bb3 Qc7 12.a4 b4 13.Nd1 Nc5 14.Bc4 Be6 15.Ne3 
Rfe8 16.b3 Nfd7 17.Bb2 Bf6 18.Nd2 Nf8 19.Ng4 Bxg4 20.Qxg4 Ng6 21.h4 Qc8 
22.Qh5 Ne6 23.g3 Ra7 24.Rf2 Nd4 25.Nf1 Bd8 26.Bxd4 exd4 27.Qf5 Qxf5 28.
Rxf5 Ne5 29.Nh2 g6 30.Rf2 Kg7 31.Raf1 Ree7 32.Kg2 h5 33.Rf4 Rab7 34.Ba6 
Rbc7 35.Kh3 Ra7 36.Bc4 Bc7 37.Rf6 Bd8 38.R6f4 Reb7 39.Rb1 Nxc4 40.bxc4 c5 
41.Rf2 Ra6 42.Nf3 Rab6 43.Nd2 Re7 44.Nb3 Rc6 45.Rbf1 Ra7 46.Rf3 Bb6 47.g4 
hxg4+ 48.Kxg4 Re6 49.Kh3 Re5 50.Rf6 Bd8 51.Rd6 Be7 52.Rd5 Rxd5 53.cxd5 Bd6
54.Kg4 f6 55.Nd2 Rb7 56.Nc4 Bc7 57.Rb1 Bd8 58.h5 Kh6 59.hxg6 Kxg6 60.Kf4 
Bc7+ 61.d6 Bb8 62.e5 Kf7 63.Kf5 fxe5 64.Nxe5+ Ke8 65.Ke6 Rb6 66.Nc4 Rc6 
67.Rh1 Bxd6 68.Nxd6+ Kd8 69.Rh8+ Kc7 70.Rc8+ 1-0

[Event "VIII Primavera de Gros"]
[Site "Donostia-San Sebastian"]
[Date "2012.05.05"]
[Round "3"]
[White "Iglesias Gonzalez, Veronica"]
[Black "Alvarado Fernandez, Mikel"]
[Result "0-1"]
[WhiteElo "1768"]
[BlackElo "2006"]

1.c4 e6 2.Nc3 b6 3.Nf3 Nf6 4.d4 Bb7 5.Bf4 Be7 6.Nb5 d6 7.c5 bxc5 8.dxc5 e5
9.cxd6 cxd6 10.Bd2 Ne4 11.Qa4 O-O 12.Ba5 Qd7 13.Rc1 Bc6 14.Qc2 Nxf2 15.
Kxf2 Bxb5 16.Qd2 Rc8 17.e3 Rxc1 18.Qxc1 Na6 19.b4 Bxf1 20.Rxf1 Rc8 21.Qb1 
Qc6 22.b5 Qc2+ 23.Nd2 Qxb1 24.Rxb1 Nc5 25.Kf3 f5 26.g4 g6 27.gxf5 gxf5 28.
Nf1 Kf7 29.Ng3 Ke6 30.b6 axb6 31.Rxb6 Bd8 32.Rb5 e4+ 33.Kg2 Bg5 34.Bd2 Ra8
35.Rb2 Nd3 36.Rc2 Bxe3 37.Ne2 Bxd2 38.Rxd2 Ke5 39.Kg3 f4+ 40.Kh4 f3 41.Ng3
Ra4 42.Kg5 h6+ 43.Kxh6 Nf4 44.Nf1 Ra3 0-1

[Event "VIII Primavera de Gros"]
[Site "Donostia-San Sebastian"]
[Date "2012.05.05"]
[Round "3"]
[White "Galarza Cenzano, Inigo"]
[Black "Izquierdo Arruferia, Joseba"]
[Result "0-1"]
[WhiteElo "2002"]
[BlackElo "1826"]

1.e4 e6 2.d3 d5 3.Nd2 c5 4.Ngf3 Nf6 5.g3 Nc6 6.Bg2 Qc7 7.O-O d4 8.Nc4 e5 
9.a4 Be6 10.Na3 O-O-O 11.Nb5 Qb6 12.Ng5 h6 13.Nxe6 fxe6 14.Bd2 a6 15.Na3 
Qc7 16.Nc4 b6 17.a5 b5 18.Nb6+ Kb7 19.f4 Ka7 20.fxe5 Nxe5 21.Bh3 Re8 22.
Qe2 Nc6 23.Rf2 Bd6 24.Bg2 Be5 25.Raf1 h5 26.Bf3 Reg8 27.Rg2 g5 28.Qf2 h4 
29.gxh4 gxh4 30.Kh1 Rxg2 31.Qxg2 h3 32.Qf2 Rg8 33.Rg1 Qf7 34.Be2 Qh7 35.
Rf1 Rg2 0-1

[Event "VIII Primavera de Gros"]
[Site "Donostia-San Sebastian"]
[Date "2012.05.05"]
[Round "3"]
[White "Santos Zunzunegi, Iban"]
[Black "Parron Luceno, David"]
[Result "1-0"]
[WhiteElo "1937"]
[BlackElo "1570"]

1.e4 c6 2.d4 d6 3.Nc3 Nf6 4.f4 Bg4 5.Nf3 g6 6.Be3 Qb6 7.Qd2 Nbd7 8.O-O-O 
Bg7 9.e5 Nd5 10.Nxd5 cxd5 11.Bd3 Bxf3 12.gxf3 e6 13.h4 h5 14.Rhg1 Bh6 15.
Kb1 dxe5 16.fxe5 Bxe3 17.Qxe3 O-O-O 18.c3 Kb8 19.f4 Rc8 20.Rde1 Rxc3 21.
Ka1 Rc6 22.Kb1 Qb4 23.Rc1 Rhc8 24.Rxc6 Rxc6 25.Rc1 Rxc1+ 26.Kxc1 Nb6 27.a3
Qb3 28.Qe2 a6 29.Qc2 Qxc2+ 30.Kxc2 Kc7 31.Kd2 Kc6 32.b3 Nd7 33.Ke3 Kc7 34.
f5 exf5 35.Kf4 Nf8 36.Kg5 Ne6+ 37.Kf6 Nxd4 38.Kxf7 Nc6 39.Kf6 f4 40.Bxg6 
f3 41.Bxh5 f2 42.Be2 Nd4 43.Bf1 Nf3 44.h5 Nh2 45.Bd3 f1=N 46.Bxf1 Nxf1 47.
h6 Ng3 48.h7 Ne4+ 49.Kg6 d4 50.h8=Q d3 51.Qh3 d2 52.Qf3 Kd7 53.Kf5 Ng3+ 
54.Kf4 1-0

[Event "VIII Primavera de Gros"]
[Site "Donostia-San Sebastian"]
[Date "2012.05.05"]
[Round "3"]
[White "Ortega Lopez, Mikel"]
[Black "Guijarro Galan, Jose Luis"]
[Result "0-1"]
[WhiteElo "1793"]
[BlackElo "2142"]

1.e4 c5 2.Nf3 a6 3.c4 Nc6 4.d4 cxd4 5.Nxd4 Nf6 6.Nc3 e5 7.Nc2 Bc5 8.Be2 d6
9.O-O Be6 10.Be3 O-O 11.h3 Rc8 12.b3 Bxe3 13.fxe3 Ne7 14.Qd2 b5 15.Rac1 
bxc4 16.bxc4 Bxc4 17.Bxc4 Rxc4 18.Na3 Nxe4 19.Nxe4 Rxe4 20.Qd3 d5 21.Nb1 
Ra4 22.Qb3 Ra5 23.Nc3 Qb8 24.Qd1 Qb6 25.Qe2 Ra3 26.Kh1 Qa5 27.Qb2 d4 28.
exd4 exd4 29.Ne4 Rxa2 30.Qxd4 Nf5 31.Qd3 Nh6 32.Rc5 Qa3 33.Qd4 Qb2 34.Qxb2
Rxb2 35.Ra5 g6 36.Rxa6 Rc8 37.Nd6 Rd8 38.Ne4 Nf5 39.Rf2 Rd1+ 40.Kh2 Rbb1 
41.Ng3 Nxg3 42.Kxg3 Rb7 43.Raf6 Kg7 44.R2f3 h5 45.Rc6 Rd2 46.Rcf6 Rd4 47.
Kf2 Rd2+ 48.Kg3 h4+ 49.Kh2 Rbb2 50.Rxf7+ Kh6 51.R7f4 Rxg2+ 52.Kh1 Kh5 53.
Rc4 Rgd2 54.Rc1 Rh2+ 55.Kg1 Rbg2+ 56.Kf1 Rg3 57.Rcc3 Rhxh3 58.Rxg3 Rxg3 
59.Rxg3 hxg3 60.Kg2 Kh4 61.Kg1 Kh3 0-1

[Event "VIII Primavera de Gros"]
[Site "Donostia-San Sebastian"]
[Date "2012.05.05"]
[Round "3"]
[White "Navascues Zabaleta, Jesus"]
[Black "Rodriguez Cabrera, Fco  Javier"]
[Result "1-0"]
[WhiteElo "1755"]
[BlackElo "1970"]

1.e4 c5 2.Nf3 Nc6 3.d4 cxd4 4.Nxd4 Nf6 5.Nc3 d6 6.f3 g6 7.Be3 Bg7 8.Qd2 
O-O 9.O-O-O Bd7 10.g4 a6 11.h4 h5 12.g5 Ne8 13.Nd5 b5 14.Nxc6 Bxc6 15.Bb6 
Qd7 16.Bh3 Qb7 17.Ba5 e6 18.Nf6+ Nxf6 19.gxf6 Bxf6 20.Qxd6 Rac8 21.Rhg1 
Kh7 22.Qf4 Qe7 23.e5 Bg7 24.Bb4 Qc7 25.Bd6 Qxd6 26.Rxd6 Bh6 27.Rg5 1-0

[Event "VIII Primavera de Gros"]
[Site "Donostia-San Sebastian"]
[Date "2012.05.05"]
[Round "3"]
[White "Fuente San Sebastian, Ernesto"]
[Black "Cantabrana Garona, Alejandro"]
[Result "1/2-1/2"]
[WhiteElo "1906"]
[BlackElo "1820"]

1.e4 g6 2.d4 Bg7 3.Nc3 d6 4.Be2 a6 5.Be3 b5 6.Bf3 Bb7 7.Nh3 Nd7 8.Nf4 e6 
9.Nd3 e5 10.d5 Ne7 11.a4 bxa4 12.Nxa4 f5 13.Bg5 Nf6 14.exf5 Nxf5 15.O-O 
O-O 16.c4 Qe8 17.Nc3 Bc8 18.Ne4 Nxe4 19.Bxe4 Nd4 20.Be3 Nf5 21.Bd2 Bd7 22.
b4 c6 23.Ra5 Ne7 24.Bg5 Bf6 25.Bh6 Rf7 26.dxc6 Bxc6 27.f3 Bxe4 28.fxe4 Nc6
29.Rd5 Be7 30.Be3 Qf8 31.Rxf7 Qxf7 32.Qf1 Qg7 33.Qa1 Rf8 34.Qxa6 Qf7 35.
Qa1 Qf6 36.b5 Na5 37.c5 Nb3 38.Qd1 Nxc5 39.Nxc5 dxc5 40.h3 Rc8 41.Qb3 c4 
42.Qc3 Qf8 43.Qxe5 Bf6 44.Qe6+ Kh8 45.Bh6 Bg7 46.Bxg7+ Kxg7 47.Qe5+ Kg8 
48.Qe6+ Kg7 49.Rd7+ Kh6 50.Qf7 Qxf7 51.Rxf7 c3 52.Rf1 Kg5 53.e5 c2 54.Rc1 
Kf5 55.Kf2 Kxe5 56.Ke3 1/2-1/2

[Event "VIII Primavera de Gros"]
[Site "Donostia-San Sebastian"]
[Date "2012.05.05"]
[Round "3"]
[White "Ezkerro Hernandez, Pablo"]
[Black "Etxagibel Larranaga, Asier"]
[Result "0-1"]
[WhiteElo "1693"]
[BlackElo "2026"]

1.e4 c5 2.Nf3 Nc6 3.d4 cxd4 4.Nxd4 e5 5.Nb5 d6 6.N1c3 a6 7.Na3 b5 8.Nd5 
Nge7 9.c4 Nd4 10.Be3 Nxd5 11.cxd5 Be7 12.Bxd4 exd4 13.Nc2 Bf6 14.Qd2 O-O 
15.Nxd4 Re8 16.f3 Be5 17.Rd1 f5 18.Qf2 Qa5+ 19.Rd2 Bf4 20.Nb3 Bxd2+ 21.
Nxd2 fxe4 0-1

[Event "VIII Primavera de Gros"]
[Site "Donostia-San Sebastian"]
[Date "2012.05.05"]
[Round "3"]
[White "Olabe Odriozola, Eduardo"]
[Black "Garrido Dominguez, Jose Antonio"]
[Result "1-0"]
[WhiteElo "1932"]
[BlackElo "1662"]

1.e4 e5 2.Nf3 d6 3.d4 Bg4 4.Bc4 Qf6 5.dxe5 dxe5 6.Nbd2 Bc5 7.c3 Ne7 8.h3 
Bh5 9.Qa4+ Nbc6 10.Qb5 Bb6 11.O-O O-O 12.b4 a5 13.Bb3 axb4 14.cxb4 Ra7 15.
Bb2 Bd4 16.Nxd4 Nxd4 17.Bxd4 exd4 18.Qxh5 Nc6 19.b5 Ne5 20.f4 Nd7 21.e5 
Qb6 22.Ne4 Qxb5 23.Ng5 h6 24.Nxf7 Kh7 25.Ng5+ Kh8 26.Qg6 1-0

[Event "VIII Primavera de Gros"]
[Site "Donostia-San Sebastian"]
[Date "2012.05.05"]
[Round "3"]
[White "Aranzabal Minguez, Alex"]
[Black "Ijurko Erroizena, Jose Angel"]
[Result "1-0"]
[WhiteElo "1913"]
[BlackElo "1624"]

1.e4 d6 2.d4 Nf6 3.Nc3 e5 4.Nf3 Nbd7 5.Bc4 Be7 6.Bg5 O-O 7.Qd2 c6 8.O-O b5
9.Bd3 Qc7 10.a4 b4 11.Ne2 a5 12.c3 c5 13.cxb4 axb4 14.Rfc1 Qb8 15.d5 Ba6 
16.Ng3 Rc8 17.Nf5 Bd8 18.b3 Bxd3 19.Qxd3 c4 20.Rxc4 Nc5 21.Qc2 Ncxe4 22.
Rc1 Rxc4 23.Qxc4 Nxg5 24.Nxg5 g6 25.Nh6+ Kg7 26.Qh4 Ra7 27.Ng4 h5 28.Nxf6 
Bxf6 29.Qg3 Bxg5 30.Qxg5 Ra5 31.Qd2 Qb7 32.Rc6 Rc5 33.Rxc5 dxc5 34.d6 Qd7 
35.a5 Kf8 36.a6 Ke8 37.Kf1 Qa7 38.d7+ Kd8 39.Qd6 1-0

[Event "VIII Primavera de Gros"]
[Site "Donostia-San Sebastian"]
[Date "2012.05.05"]
[Round "3"]
[White "Elizondo Market, Juan Marcos"]
[Black "Lopez Garcia, Jose"]
[Result "1-0"]
[WhiteElo "1865"]
[BlackElo "1608"]

1.e4 c5 2.Nf3 d6 3.d4 cxd4 4.Nxd4 Nf6 5.Nc3 e6 6.Be3 Nc6 7.Be2 Be7 8.O-O 
Bd7 9.f4 Nxd4 10.Bxd4 Bc6 11.Bf3 Qc7 12.e5 dxe5 13.fxe5 Nd5 14.Qe1 b6 15.
Nxd5 Bxd5 16.Bxd5 exd5 17.e6 f6 18.c3 Rd8 19.Qh4 Bc5 20.Qg4 Qe7 21.h4 
Bxd4+ 22.cxd4 Rd6 23.Rac1 O-O 24.Rfe1 a5 25.h5 f5 26.Qe2 h6 27.Qb5 Rf6 28.
Rc8+ Kh7 29.Re8 Qc7 30.Qa6 Qc4 31.Qxc4 dxc4 32.Kf2 Rxd4 33.e7 Rd2+ 34.Kg1 
1-0

[Event "VIII Primavera de Gros"]
[Site "Donostia-San Sebastian"]
[Date "2012.05.12"]
[Round "4"]
[White "Argandona Riveiro, Inigo"]
[Black "Alvarado Fernandez, Mikel"]
[Result "1-0"]
[WhiteElo "2388"]
[BlackElo "2006"]

1.Nf3 Nf6 2.c4 e6 3.g3 d5 4.Bg2 c6 5.O-O Be7 6.b3 O-O 7.Bb2 Nbd7 8.Qc2 
dxc4 9.bxc4 Qc7 10.d4 b6 11.e4 Rd8 12.e5 Ne8 13.Nc3 Bb7 14.Rfd1 Rac8 15.
Ne4 Qb8 16.a4 Nf8 17.c5 bxc5 18.Ba3 Qc7 19.Bxc5 Ba6 20.Bxe7 Qxe7 21.Nc5 
Bb7 22.a5 Ba8 23.Ne1 Nc7 24.Qa4 Nd5 25.Rac1 Rb8 26.Na6 Rb5 27.Bf1 Rb2 28.
Nd3 Rb5 29.Ndc5 Rb2 30.Qa3 Rb7 31.Ra1 Nd7 32.Nxb7 Qxa3 33.Rxa3 Bxb7 34.Nc5
Bc8 35.Nxd7 Rxd7 36.Rb3 Rc7 37.Rb8 Kf8 38.Ba6 Ne7 39.Rdb1 Ke8 40.Bxc8 Nxc8
41.R1b7 Kd7 42.a6 1-0

[Event "VIII Primavera de Gros"]
[Site "Donostia-San Sebastian"]
[Date "2012.05.12"]
[Round "4"]
[White "Pinilla Santibanez, Roberto"]
[Black "Fernandez Zubitur, Jokin"]
[Result "1/2-1/2"]
[WhiteElo "2077"]
[BlackElo "1927"]

1.d4 d6 2.c4 e5 3.dxe5 dxe5 4.Qxd8+ Kxd8 5.a3 Be6 6.e3 Nd7 7.Nd2 f5 8.Ngf3
Be7 9.b3 Bf6 10.Bb2 Ne7 11.Be2 Nc6 12.O-O Ke7 13.Rfe1 Rad8 14.b4 e4 15.Nd4
Nde5 16.Nxc6+ Nxc6 17.Bxf6+ Kxf6 18.Nb3 Rd6 19.Rec1 g5 20.Kf1 Bf7 21.Ke1 
h6 22.Rc3 Ne5 23.Nd4 c6 24.c5 Rdd8 25.a4 a6 26.Rb1 Bd5 27.b5 axb5 28.axb5 
Ra8 29.bxc6 bxc6 30.Rc2 1/2-1/2

[Event "VIII Primavera de Gros"]
[Site "Donostia-San Sebastian"]
[Date "2012.05.12"]
[Round "4"]
[White "Izquierdo Arruferia, Joseba"]
[Black "Gonzalez Blanco, Aitor"]
[Result "0-1"]
[WhiteElo "1826"]
[BlackElo "2012"]

1.e4 e5 2.Nf3 Nc6 3.d4 exd4 4.Nxd4 Nf6 5.Nxc6 bxc6 6.Nc3 Bb4 7.Qd4 Qe7 8.
Bd2 O-O 9.O-O-O Bc5 10.Qd3 Bxf2 11.Be2 a5 12.Bg5 Qe5 13.Bxf6 Qxf6 14.Qf3 
Bd4 15.Qxf6 Bxf6 16.Na4 Re8 17.Bf3 d6 18.b3 Rb8 19.c4 Be6 20.Kc2 Be5 21.h3
Rb4 22.Rd2 Bxc4 23.Nc3 Be6 24.Rhd1 Reb8 25.Na4 g6 0-1

[Event "VIII Primavera de Gros"]
[Site "Donostia-San Sebastian"]
[Date "2012.05.12"]
[Round "4"]
[White "Navascues Zabaleta, Jesus"]
[Black "Ros Eskisabel, Jose Ramon"]
[Result "0-1"]
[WhiteElo "1755"]
[BlackElo "2100"]

1.e4 Nf6 2.e5 Nd5 3.Nc3 Nxc3 4.bxc3 d5 5.d4 c5 6.f4 Nc6 7.Nf3 Bg4 8.Bb5 e6
9.O-O Rc8 10.Be3 a6 11.Bd3 g6 12.Qe1 Be7 13.Rb1 Qd7 14.h3 Bxf3 15.Rxf3 h5 
16.a3 c4 17.Be2 Bxa3 18.Rb6 h4 19.Qb1 Rb8 20.Rf1 Be7 21.Qa2 O-O 22.Qa4 
Nxe5 23.Ra1 Nc6 24.Bc1 Rfc8 25.Ba3 Bd8 26.Rb2 Qc7 27.Rab1 b5 28.Qxa6 Ra8 
29.Qxb5 Rxa3 0-1

[Event "VIII Primavera de Gros"]
[Site "Donostia-San Sebastian"]
[Date "2012.05.12"]
[Round "4"]
[White "Lakunza Oyarbide, Juan Carlos"]
[Black "Iglesias Gonzalez, Veronica"]
[Result "1/2-1/2"]
[WhiteElo "2111"]
[BlackElo "1768"]

1.d4 d5 2.Nf3 Nf6 3.g3 Bf5 4.Bg2 e6 5.O-O Bd6 6.c4 c6 7.Qb3 Qc8 8.Nc3 h6 
9.Nd2 O-O 10.e4 dxe4 11.Ndxe4 Nxe4 12.Nxe4 Bc7 13.Be3 Re8 14.Rac1 Nd7 15.
Qa3 Qb8 16.Rfd1 Bg4 17.Re1 f5 18.Nc3 e5 19.d5 f4 20.dxc6 fxe3 21.cxd7 
exf2+ 22.Kxf2 Bb6+ 23.c5 Rf8+ 24.Kg1 Bd8 25.Qb3+ Kh8 26.Bxb7 Bg5 27.Qd5 
Bf3 28.Ne4 a5 29.Bxa8 Qxb2 30.Nd2 Bxd5 31.Bxd5 Qxd2 32.Rcd1 Qc2 33.c6 Be3+
34.Kh1 Bb6 35.Rc1 Qd3 36.Red1 Qb5 37.c7 Bxc7 38.Rxc7 Rf1+ 39.Kg2 Qe2+ 40.
Kh3 Qh5+ 1/2-1/2

[Event "VIII Primavera de Gros"]
[Site "Donostia-San Sebastian"]
[Date "2012.05.12"]
[Round "4"]
[White "Izagirre Alsua, Aritz"]
[Black "Segovia Sanchez, Antonio"]
[Result "1-0"]
[WhiteElo "1828"]
[BlackElo "2051"]

1.e4 d6 2.Nc3 g6 3.g3 Bg7 4.Bg2 c5 5.d3 Nc6 6.Be3 Nf6 7.h3 Rb8 8.Qd2 h6 9.
Nge2 Qb6 10.Rb1 Qa5 11.O-O Bd7 12.f4 e5 13.a3 Ne7 14.Nc1 Qc7 15.N1e2 b5 
16.fxe5 dxe5 17.Nd5 Nfxd5 18.exd5 Nf5 19.Bf2 O-O 20.c3 h5 21.g4 hxg4 22.
hxg4 Nh6 23.g5 Nf5 24.Nc1 Nd6 25.Nb3 c4 26.Nc5 Bc8 27.Ne4 Nxe4 28.dxe4 Bb7
29.Bxa7 Ra8 30.Be3 Ra6 31.Rf3 Qd7 32.Bh3 Qc7 33.Rbf1 Bc8 34.Qg2 Bxh3 35.
Qxh3 Rd6 36.Qh4 Rfd8 37.Rxf7 Qxf7 38.Rxf7 Kxf7 39.Bc5 Ra6 40.Qg4 Kg8 41.
Be7 Rda8 42.d6 Kf7 43.Qd1 Ke8 44.Qd5 1-0

[Event "VIII Primavera de Gros"]
[Site "Donostia-San Sebastian"]
[Date "2012.05.12"]
[Round "4"]
[White "Etxagibel Larranaga, Asier"]
[Black "Iturralde Prieto, Juan Cruz"]
[Result "1-0"]
[WhiteElo "2026"]
[BlackElo "1755"]

1.d4 d5 2.Nf3 Nf6 3.Bf4 Bf5 4.e3 e6 5.Nbd2 Bd6 6.Ne5 Nbd7 7.Be2 Bxe5 8.
dxe5 Ne4 9.h4 Nxd2 10.Qxd2 h6 11.O-O-O c6 12.g4 Bh7 13.g5 Qb6 14.gxh6 gxh6
15.Rhg1 Bg6 16.h5 Bf5 17.Rg7 O-O-O 18.Rxf7 Rh7 19.Rxh7 Bxh7 20.Qc3 Rg8 21.
Bf3 Rf8 22.Bg4 Bf5 23.Be2 Rg8 24.Bxh6 Rg2 25.Rf1 Nc5 26.Bf4 Ne4 27.Qe1 Qc5
28.Bd1 Qc4 29.b3 Qc5 30.Kb2 a5 31.f3 Ng5 32.Bxg5 Bxc2 33.Rf2 Rxf2 34.Qxf2 
Bxd1 35.h6 b5 36.h7 Qf8 37.Bf6 1-0

[Event "VIII Primavera de Gros"]
[Site "Donostia-San Sebastian"]
[Date "2012.05.12"]
[Round "4"]
[White "Cantabrana Garona, Alejandro"]
[Black "Galarza Cenzano, Inigo"]
[Result "1/2-1/2"]
[WhiteElo "1820"]
[BlackElo "2002"]

1.c4 Nf6 2.g3 g6 3.b3 Bg7 4.Bb2 O-O 5.Bg2 d6 6.e4 e5 7.Ne2 a5 8.Na3 Na6 9.
Nc2 Nc5 10.d3 Bg4 11.f3 Bd7 12.O-O Nh5 13.d4 Ne6 14.dxe5 dxe5 15.Ne3 c6 
16.Ng4 Qb6+ 17.Kh1 Qc5 18.Qc1 b5 19.Ba3 b4 20.Bb2 a4 21.a3 axb3 22.axb4 
Rxa1 23.bxc5 Rxc1 24.Nxc1 Nd4 25.Bxd4 exd4 26.Nxb3 Rb8 27.Nc1 Be6 28.Nd3 
Bxc4 29.Ngf2 Nf6 30.Rd1 Nd7 31.f4 Rb3 32.e5 Bb5 33.Bh3 Nf8 34.Kg2 Bc4 35.
Bg4 Bd5+ 36.Bf3 Bxf3+ 37.Kxf3 Ne6 38.Ke4 Bf8 39.g4 Nxc5+ 1/2-1/2

[Event "VIII Primavera de Gros"]
[Site "Donostia-San Sebastian"]
[Date "2012.05.12"]
[Round "4"]
[White "Diez Viera, Oscar"]
[Black "Aranzabal Minguez, Alex"]
[Result "0-1"]
[WhiteElo "1813"]
[BlackElo "1913"]

1.e4 c5 2.Nf3 g6 3.d4 cxd4 4.Nxd4 Nc6 5.Nxc6 bxc6 6.Qd4 Nf6 7.e5 Nd5 8.e6 
f6 9.exd7+ Bxd7 10.Bc4 e5 11.Qd1 Be6 12.O-O Bg7 13.Nc3 O-O 14.Nxd5 Bxd5 
15.Bxd5+ cxd5 16.c3 f5 17.Re1 Rb8 18.Qc2 Qb6 19.Qb3 Rfd8 20.Bg5 Rd7 21.Qa4
Qb5 22.Qxb5 Rxb5 23.Re2 h6 24.Be3 f4 25.Bc1 a5 26.b3 Kf7 27.Ba3 e4 28.Rd1 
Rbb7 29.Red2 Bxc3 30.Rxd5 Rxd5 31.Rxd5 a4 32.h4 axb3 33.axb3 Rxb3 34.Rd7+ 
Ke6 35.Re7+ Kf6 36.Bd6 Rb6 37.Rc7 Rxd6 38.Rxc3 Rd1+ 39.Kh2 Rf1 40.Rc2 g5 
41.hxg5+ hxg5 42.g4 e3 43.fxe3 fxe3 44.Kg2 Rf4 45.Kg3 Ke5 46.Rc5+ Ke4 47.
Rc8 e2 48.Kh3 Kf3 0-1

[Event "VIII Primavera de Gros"]
[Site "Donostia-San Sebastian"]
[Date "2012.05.12"]
[Round "4"]
[White "Tung, Siu Hung"]
[Black "Abalia Patino, Aritz"]
[Result "1/2-1/2"]
[WhiteElo "1908"]
[BlackElo "1599"]

1.e4 c5 2.c4 Nc6 3.Nc3 e6 4.d3 Be7 5.f4 d6 6.Nf3 Nf6 7.Be2 O-O 8.O-O a6 9.
Be3 d5 10.e5 d4 11.exf6 Bxf6 12.Bd2 dxc3 13.Bxc3 b5 14.Bxf6 Qxf6 15.Qc1 b4
16.Qe3 Nd4 17.Ne5 Nc2 18.Qxc5 Nxa1 19.Rxa1 Qxf4 20.Rf1 Qd2 21.Bf3 Rb8 22.
Nc6 Rb7 23.Ne7+ Rxe7 24.Qxe7 Qxb2 25.Be4 Qd4+ 26.Kh1 f5 27.Qxb4 Rd8 28.Bf3
Qxd3 29.Re1 Qd2 30.Qb1 Qd3 31.Qc1 Qd2 32.Qb1 Qd3 33.Qc1 Qd2 1/2-1/2

[Event "VIII Primavera de Gros"]
[Site "Donostia-San Sebastian"]
[Date "2012.05.12"]
[Round "4"]
[White "Puga Senar, Fernando"]
[Black "Fuente San Sebastian, Ernesto"]
[Result "0-1"]
[WhiteElo "1788"]
[BlackElo "1906"]

1.d4 Nf6 2.c4 e5 3.dxe5 Ng4 4.Nf3 Bc5 5.e3 Nc6 6.Nc3 Ngxe5 7.Nxe5 Nxe5 8.
Be2 O-O 9.O-O Re8 10.a3 a5 11.b3 b6 12.Bb2 Bb7 13.Nd5 c6 14.b4 axb4 15.
axb4 cxd5 16.bxc5 Nxc4 17.Bxc4 dxc4 18.Qg4 f6 19.Qxc4+ Kh8 20.Rad1 Ba6 21.
Qg4 Bxf1 22.Rxd7 Qxd7 23.Qxd7 Red8 24.Qc6 Bb5 25.Qf3 Bc6 26.Qe2 bxc5 27.
Bc3 Ra2 28.Qg4 Rc2 29.h4 Rxc3 30.h5 h6 31.Qe6 Bd5 32.Qe7 Ra8 33.Qd6 Bg8 
34.g4 c4 35.Qd4 Rd3 36.Qb2 Rad8 37.Kg2 c3 38.Qc2 Bh7 39.Kh2 Rxe3 40.Qc1 
Red3 41.f4 Rb8 42.g5 Rb2+ 43.Kg1 Rg3+ 0-1

[Event "VIII Primavera de Gros"]
[Site "Donostia-San Sebastian"]
[Date "2012.05.12"]
[Round "4"]
[White "Garmendia Zubeldia, Daniel"]
[Black "Bello Castano, Diego"]
[Result "1/2-1/2"]
[WhiteElo "1765"]
[BlackElo "1901"]

1.e4 c6 2.Nf3 d5 3.Nc3 dxe4 4.Nxe4 Nf6 5.Nxf6+ gxf6 6.b3 Bg4 7.Bb2 Qc7 8.
h3 Bh5 9.Qe2 Nd7 10.g4 Bg6 11.g5 O-O-O 12.O-O-O Rg8 13.h4 Bh5 14.Bh3 Qf4 
15.Bg2 fxg5 16.hxg5 Rxg5 17.Qe3 Qxe3 18.fxe3 Rxg2 19.Rxh5 h6 20.Rf5 Nf6 
21.Bxf6 exf6 22.Rxf6 Ba3+ 23.Kb1 Rf2 24.Rxf7 Rdxd2 25.Nxd2 Rxf7 26.Nc4 Bc5
1/2-1/2

[Event "VIII Primavera de Gros"]
[Site "Donostia-San Sebastian"]
[Date "2012.05.12"]
[Round "4"]
[White "Vicente Ezeiza, Mikel"]
[Black "Salgado Cea, Gorka"]
[Result "1-0"]
[WhiteElo "1616"]
[BlackElo "1889"]

1.Nc3 e5 2.Nf3 d6 3.d4 exd4 4.Nxd4 g6 5.e4 Bg7 6.Be3 Nf6 7.f3 O-O 8.Bc4 a6
9.a3 Nbd7 10.Qd2 Re8 11.O-O-O b5 12.Nc6 Nxe4 13.Nxe4 Qh4 14.Bg5 Bh6 15.
Bxf7+ 1-0

[Event "VIII Primavera de Gros"]
[Site "Donostia-San Sebastian"]
[Date "2012.05.19"]
[Round "5"]
[White "Ros Eskisabel, Jose Ramon"]
[Black "Argandona Riveiro, Inigo"]
[Result "0-1"]
[WhiteElo "2100"]
[BlackElo "2388"]

1.e4 g6 2.d4 Bg7 3.c3 c6 4.Nf3 d5 5.Nbd2 Nh6 6.Bd3 O-O 7.O-O f6 8.Re1 Nf7 
9.Qb3 e5 10.dxe5 fxe5 11.Nf1 Nd7 12.Ng3 Nc5 13.Qc2 Nxd3 14.Qxd3 Be6 15.Qc2
d4 16.Rd1 c5 17.cxd4 cxd4 18.Ne1 Rc8 19.Qb1 h5 20.Nf1 Nd6 21.Bd2 Bc4 22.b3
Be2 23.Rc1 Rxc1 24.Bxc1 Bxf1 25.Kxf1 Qh4 26.Nf3 Qxe4 27.Ba3 Qxb1+ 28.Rxb1 
Rd8 29.Bxd6 Rxd6 30.Ng5 Rc6 31.Rb2 Rc1+ 32.Ke2 e4 33.Kd2 Rf1 34.Ke2 Rh1 
35.Rd2 d3+ 36.Ke3 Re1+ 37.Kf4 Bc3 0-1

[Event "VIII Primavera de Gros"]
[Site "Donostia-San Sebastian"]
[Date "2012.05.19"]
[Round "5"]
[White "Fernandez Zubitur, Jokin"]
[Black "Guijarro Galan, Jose Luis"]
[Result "0-1"]
[WhiteElo "1927"]
[BlackElo "2142"]

1.e4 c5 2.Nc3 e6 3.g3 d5 4.d3 Nc6 5.Bg2 Nf6 6.Bg5 d4 7.Nce2 Be7 8.h3 Qb6 
9.Qc1 e5 10.f4 h6 11.Bxf6 Bxf6 12.Nf3 g5 13.fxg5 hxg5 14.g4 Be6 15.Ng3 
O-O-O 16.O-O Be7 17.Nxg5 Bxg5 18.Qxg5 Qxb2 19.Nf5 Qxc2 20.Ne7+ Nxe7 21.
Qxe7 Rhe8 22.Qf6 Qxd3 23.Qxe5 Qe3+ 24.Kh2 d3 25.Rfc1 b6 26.Qc3 Bxg4 27.Qc4
Bf3 28.Rab1 Re6 29.Qa6+ Kb8 0-1

[Event "VIII Primavera de Gros"]
[Site "Donostia-San Sebastian"]
[Date "2012.05.19"]
[Round "5"]
[White "Alvarado Fernandez, Mikel"]
[Black "Pinilla Santibanez, Roberto"]
[Result "0-1"]
[WhiteElo "2006"]
[BlackElo "2077"]

1.d4 Nf6 2.Bg5 h6 3.Bxf6 exf6 4.e3 d5 5.Nd2 Be7 6.Ne2 O-O 7.c4 Re8 8.c5 a5
9.Nc3 Bf5 10.Bb5 c6 11.Be2 b6 12.cxb6 Nd7 13.O-O Nxb6 14.Nf3 Qd7 15.Rc1 
Reb8 16.b3 Ba3 17.Qd2 Bxc1 18.Rxc1 Qd6 19.Ne1 a4 20.Bd3 Bxd3 21.Nxd3 axb3 
22.axb3 Nd7 23.b4 Nb6 24.g3 Nc4 25.Qe1 Ra3 26.Nc5 Ra7 27.Rb1 Re7 28.Ra1 
Ree8 29.Ra7 Rxb4 30.Nxd5 Rb2 31.Rd7 Qb8 32.Nc3 Rc2 33.Rb7 Qc8 34.N3e4 Qh3 
35.Qb1 Nxe3 0-1